Nyersből finomat : minden, amit a nyers étrend és életmód otthoni bevezetéséhez tudni kell /

Hlavní autor: Wignall, Judita
Jazyk: Maďarština
Vydáno: Prága : Synergie, c2013
Témata:
Fyzický popis: 192 s. : barev. il. ; 26 cm
Knihy
Uloženo v:
LEADER 01739nam a2200505 a 4500
001 nkc20142564472
003 CZ PrNK
005 20140319062312.0
007 ta
008 140206s2013 xr a e 001 0 hun
015 |a cnb002564472 
020 |a 978-80-7370-269-4  |q (brož.) 
035 |a (OCoLC)872342857 
040 |a BOA001  |b cze 
041 1 |a hun  |h eng 
072 7 |a 641  |x Kuchařství. Potraviny. Vařená jídla  |2 Konspekt  |9 19 
080 |a 613.261  |2 MRF 
080 |a 615.874.24  |2 MRF 
080 |a 641.55  |2 MRF 
080 |a (035)  |2 MRF 
080 |a (083.12)  |2 MRF 
100 1 |a Wignall, Judita  |7 xx0183049  |4 aut 
245 1 0 |a Nyersből finomat :  |b minden, amit a nyers étrend és életmód otthoni bevezetéséhez tudni kell /  |c írta Judita Wignall ; fotók Matt Wignall ; [fordította Janáky István] 
260 |a Prága :  |b Synergie,  |c c2013 
300 |a 192 s. :  |b barev. il. ;  |c 26 cm 
500 |a Přeloženo z angličtiny 
500 |a "Nyers ételek"--Obálka 
500 |a Terminologický slovník 
504 |a Obsahuje bibliografii a rejstřík 
650 0 7 |a vitariánství  |7 ph802705  |2 czenas 
650 0 7 |a syrová strava  |7 ph214640  |2 czenas 
650 0 7 |a jídla  |7 ph114847  |2 czenas 
650 0 9 |a raw foodism  |2 eczenas 
650 0 9 |a raw food diet  |2 eczenas 
650 0 9 |a meals  |2 eczenas 
655 7 |a příručky  |7 fd133209  |2 czenas 
655 7 |a kuchařské recepty  |7 fd132687  |2 czenas 
655 9 |a handbooks and manuals  |2 eczenas 
655 9 |a cookbooks  |2 eczenas 
765 0 |t Going raw  |9 Maďarsky 
910 2 |a BOA001  |b 3-1322.093 
990 |a BK 
995 |a 01 
991 |b 201403  |c NOV  |e n 
996 6 |b 2610581567  |c 3-1322.093  |l MZK  |r Sklad / do 1 hodiny  |n 1  |p p.v.  |w 001401754  |u 000010  |a 1  |e BOA001  |j MZK50  |s P